Gramatická kategória čísla v anglickom a slovenskom jazyku
Teoretické aspekty kategórie čísla na sémantickej, morfologickej a lexikálnej úrovni. Teoretické základy gramatickej kategórie čísla. Formy plurálu v anglickom jazyku. Špecifická skupina plurálií tantum a ich používanie v anglickom jazyku v porovnaní so slovenským jazykom.
Gespeichert in:
| 1. Verfasser: | |
|---|---|
| Format: | Buchkapitel |
| Sprache: | Slowakisch |
| Schlagworte: | |
| Tags: |
Keine Tags, Fügen Sie das erste Tag hinzu!
|
MARC
| LEADER | 00000naa a2200000 4500 | ||
|---|---|---|---|
| 001 | 0277992 | ||
| 005 | 20240502074326.6 | ||
| 041 | 0 | |a slo | |
| 044 | |a SK | ||
| 245 | 1 | 0 | |a Gramatická kategória čísla v anglickom a slovenskom jazyku |c Eva Maierová |
| 520 | |a Teoretické aspekty kategórie čísla na sémantickej, morfologickej a lexikálnej úrovni. Teoretické základy gramatickej kategórie čísla. Formy plurálu v anglickom jazyku. Špecifická skupina plurálií tantum a ich používanie v anglickom jazyku v porovnaní so slovenským jazykom. | ||
| 610 | 2 | 0 | |a gramatika |
| 610 | 2 | 0 | |a jazyky cudzie |
| 610 | 2 | 0 | |a morfológia |
| 610 | 2 | 0 | |a angličtina |
| 610 | 2 | 0 | |a slovenčina |
| 100 | 1 | |a Maierová, Eva, 1965- | |